000 00393nam a22001697a 4500
005 20180625113037.0
008 160620b xxu||||| |||| 00| 0 eng d
020 _a81-203-1701-7
041 _aeng
082 _b8601
_a658
100 _aSatya Raju, R and Parthasarathy A
_92348
245 _aManagement
260 _bPHI
_c2005
300 _a263
650 _aManagement
_9241
942 _cBK
999 _c3320
_d3319